000 00547nam a22001817a 4500
999 _c190263
_d190263
005 20220721115446.0
010 _aENG-133782
020 _a9789387833104
_c195.00
035 _aEN-117314
037 _bDBAD/PUB
082 _a528.9
100 _aDas, Nikhilesh
245 _aGeographical Management System & Sustainable Development/
_cNikhilesh Das
260 _aKolkata
_bParul Prakashani Pvt Ltd
_c2018
270 _a8/3, Chintamoni Das Lane
_bKolkata
_e799001
300 _a103p.
_c22cm(hb)
942 _2ddc
_cEN
_h528.9
_mDAS